Responses for show #5283 - Wednesday, July 25, 2007

2007 Teen Tournament Summer Games semifinal game 3.

Contestants

Kriti Gandhi, a senior from Ellicott City, Maryland

Greg Peterson, a senior from Park Ridge, Illinois

Jeffrey Baer, a senior from Thornhill, Ontario, Canada

Jeopardy! Round responses

U.S. HISTORY
TV GETS REAL
SAY YOU WANT A REVOLUTION
BODIES OF WATER
HODGEPODGE
4-LETTER WORDS
    $200 16
Martin Luther King, Jr.

Greg
    $200 21
Beauty and the Geek

Greg
    $200 11
the American Revolution

Greg
    $200 1
the Nile River

Kriti
    $200 26
(Jeffrey: What is an ape?)
(Alex: Be more specific.)

a chimp

Jeffrey
    $200 6
a dose

Greg
    $400 20
Hawaii

Jeffrey
    $400 22
Amazing Race

Kriti
    $400 15
(Alex: Glad we don't complete all of our clues.)

the Russian Revolution

Greg
    $400 2
the Persian Gulf

Greg
    $400 27
Barbie

Jeffrey
    $400 7
a mare

Jeffrey
    $1,500 18
(Alex: I have a feeling Greg was looking for it; didn't find it; it works out well for you, Kriti; you have $2200.)
...
(Alex: [After Kriti takes a long time to respond] You got him, yes. I was--I was a little concerned for a moment. I thought you were reviewing all the presidents, but going from the present back, instead of going from the beginning heading this way. Go again.)

John Quincy Adams

Kriti
    $600 23
Survivor

Greg
    $600 14
the French Revolution

Greg
    $600 3
(Kriti: What is the Yellow Sea?)

the Sea of Japan

GregKriti
    $600 28
a moose

Greg
    $600 8
a spud

Greg
    $800 17
Prohibition

Kriti
    $800 24
Big Brother

Jeffrey
    $800 12
the Cultural Revolution

Kriti
    $800 4
the Baltic Sea

Greg
    $800 29
a dummy

Jeffrey
    $800 9
a dove

Greg
    $1000 19
Kansas & Nebraska

Greg
    $1000 25
Janice Dickinson

Greg
    $1000 13
the Industrial Revolution

Jeffrey
    $1000 5
Lake Baikal

Greg
    $1000 30
Miss Universe

Kriti
    $1000 10
a sash

Kriti

Scores at the first commercial break (after clue 15):

Jeffrey Greg Kriti
$1,400 $5,600 $1,400

Scores at the end of the Jeopardy! Round:

Jeffrey Greg Kriti
$4,000 $9,200 $5,100

Double Jeopardy! Round responses

MATH
NHL, NBA, NFL OR ALL 3
OPERAS TEENS LOVE
BOOK LEARNIN'
NUTRITION
WORD ORIGINS
    $400 6
cross-multiplication

Greg
    $400 12
the NBA

Jeffrey
    $400 14
King Kong

Greg
    $400 17
(Louisa May) Alcott

Jeffrey
    $400 29
(pea)nuts

Jeffrey
    $400 4
soprano

Jeffrey
    $800 2
subtraction

Greg
    $800 11
(Kriti: What is the NBA?)

all 3

GregKriti
    $800 22
a medium

Greg
    $800 20
(Jules) Verne

Kriti
    $800 25
mercury

Kriti
    $800 7
a termite

Greg
    $1200 3
(Jeffrey: What is commutative?)

associative

JeffreyKriti
    $1200 13
the NFL

Kriti
    $1200 23
Saint Joan (of Arc)

Greg
    $1200 19
(Alex: [*], Animal Farm.)

(George) Orwell

Jeffrey
    $1200 26
trans fats

Greg
    $1200 8
a hamburger

Greg
    $1600 1
(Jeffrey: What is equivalent?)
(Kriti: What is equiangular?)
(Greg: What is vertical?)

congruent

JeffreyGregKriti
Triple Stumper
    $1600 15
the NFL

Jeffrey
    $1600 24
Versailles

Jeffrey
    $1600 18
(James Fenimore) Cooper

Greg
    $5,401 28
(Alex: You can see the score, Greg.)
(Greg: $5401.)
(Alex: $5401. What's the significance of that?)
(Greg: It's a lockout. If I get it.)
(Alex: If you get it. All right. Here is the clue.)

oxidants

Greg
    $1600 9
continent

Jeffrey
    $2000 5
(Jeffrey: What is the power?)

100

JeffreyGreg
    $2000 16
the NHL

Kriti
    $2000 27
Aaron Copland

Greg
    $2000 21
Tolstoy

Kriti
    $2000 30
Vitamin K

Greg
    $2,000 10
protagonist

Jeffrey

Scores at the end of the Double Jeopardy! Round:

Jeffrey Greg Kriti
$8,800 $28,201 $10,700
(lock game)

[wagering suggestions for these scores]

Final Jeopardy! Round responses

THEATRE AROUND THE WORLD
(Alex: Taking you to $33,333. Last week it was $22,222. Congratulations. You're a finalist. Come on over here, as we get the two other finalists to introduce themselves. Here they are.)
(Kyle: Kyle Neblett, Beaverton, Oregon.)
(Meryl: Meryl Federman, Livingston, New Jersey.)
(Alex: Two-game final starting tomorrow, here on Jeopardy! for $75,000. Join us then. So long, everybody. Now, what was it...)
JeffreyWhat is Bravo
$8,800
KritiWhat is Kumbaya?
$10,700
GregWhat is Hakuna Matata?
$5,132
hakuna matata

Final scores:

Jeffrey Greg Kriti
$0 $33,333 $0
3rd place: $10,000 Finalist 2nd place: $10,000

Game dynamics:

Coryat scores:

Jeffrey Greg Kriti
$8,800 $24,400 $9,800
16 R
(including 1 DD),
3 W
30 R
(including 1 DD),
1 W
13 R
(including 1 DD),
3 W

Combined Coryat: $43,000

The J! Archive is created by fans, for fans. The Jeopardy! game show and all elements thereof, including but not limited to copyright and trademark thereto, are the property of Jeopardy Productions, Inc. and are protected under law. This website is not affiliated with, sponsored by, or operated by Jeopardy Productions, Inc. Join the discussion at JBoard.tv.